Entry Personal Name
Number of records used in: 1
001 - CONTROL NUMBER
003 - CONTROL NUMBER IDENTIFIER
005 - DATE AND TIME OF LATEST TRANSACTION
- control field:
20220103125929.0
008 - FIXED-LENGTH DATA ELEMENTS
- fixed length control field:
981103n| acannaab| |a aaa |||
010 ## - LIBRARY OF CONGRESS CONTROL NUMBER
- LC control number:
n 98098494
040 ## - CATALOGING SOURCE
- Original cataloging agency:
DLC
- Transcribing agency:
DLC
- Modifying agency:
DLC
100 10 - HEADING--PERSONAL NAME
- Personal name:
Headrick, A. M.
400 1# - SEE FROM TRACING--PERSONAL NAME
- Personal name:
Headrick, Alfred M.
670 ## - SOURCE DATA FOUND
- Source citation:
Handwriting identification, 1999:
- Information found:
CIP t.p. (A.M. Headrick, B.Sc., assist. commissioner, RCMP (Ret.)) bk., p. xi (Alfred M. Headrick; received a B.Sc. (cum laude) with a major in physics from Mount Allison University in Sackville, N.B.)